000 01110nam a2200289 a 4500
001 BRCA_8132
005 20190320210139.0
008 110414s1964----mx-a###f##---#000-0#spa-#
041 _aspa
044 _amx
050 4 _aF1211
_b.D53 2
_c1964
245 1 0 _aDiario del viaje que hizo a la América en el siglo XVIII el P. Fray Francisco de Ajofrin.
260 _aMéxico
_bInstituto Cultural Hispano Mexicano
_c1964
300 _a2 v. (paginación variada)
_bil.
_c20 cm.
500 _aY210
500 _aEjemplares iguales a número de sistema 6578 de la colección Dra. Elsa Barberena
500 _aDos volúmenes inventariados como un solo libro
500 _aMaterial inventariado por el Banco de México
600 1 4 _aAjofrin, Francisco de
_cFray
_d1719-1789
_vDiarios
_916409
610 2 4 _aIglesia católica
_vDiarios
_xClero
_zMéxico
_916410
650 1 4 _aDiarios
_vDescripción y viajes
_zMéxico
_920255
650 1 4 _aDiarios
_vSiglo XVIII
_zMéxico
_920256
650 1 4 _aDiarios
_vVida social y costumbres
_zMéxico
_920257
650 1 4 _aDiarios
_zAmérica
_920258
902 _aGFM
942 _2lcc
_cB
999 _c7800
_d7800